00449nam a2200157Ia 4500008004100000020001300041082001400054100002500068245006000093250000800153260004100161300002300202500001900225600002700244650002000271240925s9999 xx 000 0 und d a70486581 a519.2 PAP aPapoulis, Athanasios 0aProbability, Random Variables and Stochastic Processes  a4th aNew Delhi:bTata McGraw Hillc,2004. a796p.bNAfPirated aIncludes Index aEngineering Technology aNatural Science